Curs sobre el tractament arxivístic i tècnic de la documentació en suport fotogràfic : Sant Cugat del Vallès, abril de 1996 : (Adm. pública - Grups A i B) Sant Cugat del Vallès, abril de 1996 :
Publicado:
[S.l.] :
Generalitat de Catalunya. Escola d'Administració Pública de Catalunya : Arxiu Nacional de Catalunya, [1996]
Descripción Física:
[232] f. de fotocopies ; 33 cm
MARC
| LEADER | 00000nam a2200000Ia 4500 | ||
|---|---|---|---|
| 001 | 13064 | ||
| 008 | 160829s9999 xx 000 0 cat d | ||
| 080 | |a FOL-2-12 | ||
| 245 | |a Curs sobre el tractament arxivístic i tècnic de la documentació en suport fotogràfic : |b Sant Cugat del Vallès, abril de 1996 : |b (Adm. pública - Grups A i B) | ||
| 260 | |a [S.l.] : |b Generalitat de Catalunya. Escola d'Administració Pública de Catalunya : |b Arxiu Nacional de Catalunya, [1996] | ||
| 300 | |a [232] f. de fotocopies ; |c 33 cm | ||
| 590 | |a 232 fulls de fotocòpies en una carpeta de cartó | ||
| 650 | |a Fotografies |9 39716 | ||
| 650 | |a Catalogació de materials gràfics |9 39717 | ||
| 710 | |a Escola d'Administració Pública de Catalunya |9 15494 | ||
| 710 | 2 | |a Arxiu Nacional de Catalunya |9 55117 | |
| 901 | |a Arxiu | ||
| 942 | |n 1 | ||
| 952 | |0 0 |1 0 |4 0 |6 FOL212 |7 1 |9 49175 |a Arxiu |b Arxiu |d 2016-12-01 |l 0 |o FOL-2-12 |p 13064 |r 2016-12-01 00:00:00 |w 2016-12-01 |y ARXIU | ||
| 999 | |c 53015 |d 53015 | ||